000 00325nam a22001457a 4500
008 230706b ||||| |||| 00| 0 eng d
020 _a9781617315336
041 _aeng
080 _a573
082 _a573ADA
100 _a15
101 _aMEDBIOL
245 _aENHANCEMENT EXERCISES BIOLOGY
_cADAMS.J.B
942 _2udc
_cBK
999 _c60097
_d60097